Kurikulárna reforma z pohľadu výbraných škôl v SR (empirická sonda)

Bibliographic Details
Main Author: Tóthová, Renáta, 1971- (Author)
Format: Article
Language:Slovak
PhysicalDescription:Tab.
ISBN:9788055710259
Subjects:

MARC

LEADER 00000naa a2200000 a 4500
001 vtls011736151
003 SK-MaSNL
005 20260426023621.0
008 180112 2015 xo 100 b slo
015 |a SNBRA 2015  |2 svkbbbg 
038 |a SVKBBBG 
040 |a SVKBBBG  |b slo  |c SVKBBBG  |e AACR2 
041 0 |a slo  |g eng 
044 |a xo  |c SK 
072 7 |a 371  |x Školstvo (organizácia)  |2 konspekt 
072 7 |a 37.014  |x Vzdelávacia a výchovná politika  |2 konspekt 
072 7 |a 373.2/.3  |x Predškolská a primárna výchova a vzdelávanie  |2 konspekt 
080 |a 37.091.2  |2 2011 
080 |a 37.014.3  |2 2011 
080 |a (437.6)  |2 2011 
080 |a 373.3  |2 2011 
100 1 |a Tóthová, Renáta,  |d 1971-  |4 aut  |9 48929 
245 1 0 |a Kurikulárna reforma z pohľadu výbraných škôl v SR (empirická sonda)  |c Renáta Tóthová 
246 3 1 |a The curriculum reform from the view point of selected schools in Slovak republic (empirical probe) 
300 |b Tab. 
504 |a Bibliogr. odkazy 
650 0 7 |a kurikulum  |2 SNKPH  |9 68823 
650 0 7 |a vzdelávacie reformy  |2 SNKPH  |9 3201 
650 0 7 |a základné školy  |2 SNKPH  |9 1280 
651 7 |a Slovensko  |2 SNKPH  |9 14231 
773 0 |t Kurikulárna reforma a perspektívy základnej školy : zborník z medzinárodnej vedeckej konferencie ...  |d Banská Bystrica : Belianum, 2015  |g S. 160-171  |z 9788055710259 
852 |a SVKBB  |b KIS3GCP 
958 |a NB 
999 |c 1346721  |d 1348651